It looks like you're offline.
Open Library logo
additional options menu

MARC record from Internet Archive

LEADER: 00800cam a2200241uu 4500
001 000928510-5
005 20060915164016.0
008 730522s1957 maua b 00000 eng
010 $a 57008708 /L
035 0 $aocm00527272
040 $aDLC$cDLC
050 14 $aQA275$b.B44 1957
090 $aQA275.B4 1957
100 1 $aBeers, Yardley,$d1913-
245 10 $aIntroduction to the theory of error.
250 $a[2d ed.]
260 0 $aReading, Mass.,$bAddison-Wesley Pub. Co.$c[1957]
300 $avi, 66 p.$billus.$c23 cm.
504 $aBibliography: p. 66.
650 0 $aError analysis (Mathematics)
776 08 $iOnline version:$aBeers, Yardley, 1913-$tIntroduction to the theory of error.$b[2d ed.].$dReading, Mass., Addison-Wesley Pub. Co. [1957]$w(OCoLC)562271740
988 $a20020608
906 $0DLC